|
|
|
|
| LEADER |
02610nam a2200649 i 4500 |
| 001 |
nkc20162834859 |
| 003 |
CZ PrNK |
| 005 |
20161103140549.0 |
| 007 |
ta |
| 008 |
160923s2016 xr f 100 0 cze |
| 015 |
|
|
|a cnb002834859
|
| 020 |
|
|
|a 978-80-7509-432-2
|q (brožováno)
|
| 035 |
|
|
|a (OCoLC)962341077
|
| 040 |
|
|
|a BOA001
|b cze
|d ABA001
|e rda
|
| 041 |
1 |
|
|a cze
|a eng
|a slo
|h cze
|h slo
|
| 043 |
|
|
|a e-xr---
|
| 072 |
|
7 |
|a 630
|x Lesnictví
|2 Konspekt
|9 24
|
| 080 |
|
|
|a 630
|2 MRF
|
| 080 |
|
|
|a 630.9
|2 MRF
|
| 080 |
|
|
|a 630.92
|2 MRF
|
| 080 |
|
|
|a 338.242
|2 MRF
|
| 080 |
|
|
|a (437.3)
|2 MRF
|
| 080 |
|
|
|a (062.534)
|2 MRF
|
| 080 |
|
|
|a (048.3)
|2 MRF
|
| 111 |
2 |
|
|a Tržní realizace mimoprodukčních funkcí lesa (konference)
|d (2016 :
|c Křtiny, Česko)
|7 mzk2016930201
|4 aut
|
| 245 |
1 |
0 |
|a Tržní realizace mimoprodukčních funkcí lesa :
|b sborník abstraktů /
|c Josef Lenoch
|
| 250 |
|
|
|a Vydání: první
|
| 264 |
|
1 |
|a Brno :
|b Mendelova univerzita v Brně,
|c 2016
|
| 300 |
|
|
|a 18 stran ;
|c 25 cm
|
| 336 |
|
|
|a text
|b txt
|2 rdacontent
|
| 337 |
|
|
|a bez média
|b n
|2 rdamedia
|
| 338 |
|
|
|a svazek
|b nc
|2 rdacarrier
|
| 500 |
|
|
|a "Editor: Josef Lenoch"--Tiráž
|
| 500 |
|
|
|a Na obálce nad názvem: Ústav lesnické a dřevařské ekonomiky a politiky, Lesnická a dřevařská fakulta, Mendelova univerzita v Brně, Lesy České republiky, s.p.
|
| 500 |
|
|
|a 93 výtisků
|
| 546 |
|
|
|a Částečně slovenský text, souběžný anglický text
|
| 650 |
0 |
7 |
|a lesní hospodářství
|7 ph115114
|z Česko
|2 czenas
|
| 650 |
0 |
7 |
|a lesnická politika
|7 ph122245
|z Česko
|2 czenas
|
| 650 |
0 |
7 |
|a lesní majetek
|7 ph122251
|z Česko
|2 czenas
|
| 650 |
0 |
7 |
|a tržní ekonomika
|7 ph126777
|2 czenas
|
| 650 |
0 |
9 |
|a forest management
|z Czechia
|2 eczenas
|
| 650 |
0 |
9 |
|a forest policy
|z Czechia
|2 eczenas
|
| 650 |
0 |
9 |
|a forest property
|z Czechia
|2 eczenas
|
| 650 |
0 |
9 |
|a market economy
|2 eczenas
|
| 655 |
|
7 |
|a sborníky konferencí
|7 fd133333
|2 czenas
|
| 655 |
|
7 |
|a abstrakta
|7 fd131780
|2 czenas
|
| 655 |
|
9 |
|a proceedings of conferences
|2 eczenas
|
| 655 |
|
9 |
|a abstracts
|2 eczenas
|
| 700 |
1 |
|
|a Lenoch, Josef
|7 mzk2005312807
|4 edt
|
| 710 |
2 |
|
|a Mendelova univerzita.
|b Ústav lesnické a dřevařské ekonomiky a politiky
|7 uzp2010609464
|4 isb
|
| 710 |
2 |
|
|a Lesy České republiky (firma)
|7 kn20030215184
|4 isb
|
| 910 |
2 |
|
|a BOA001
|b 2-1375.571
|
| 990 |
|
|
|a BK
|
| 995 |
|
|
|a 01
|
| 991 |
|
|
|b 201610
|c NOV
|
| 996 |
6 |
|
|b 2610684381
|c 2-1375.571
|l MZK
|r Sklad / do 1 hodiny
|n 2
|p p.v.
|w 001582467
|u 000010
|a 1
|e BOA001
|j MZK50
|s P
|
| 996 |
7 |
|
|b 2610684382
|c 2-1375.571
|l MZK
|r Sklad / do 1 hodiny
|n 1
|p p.v.
|w 001582467
|u 000020
|a 1
|e BOA001
|j MZK50
|s A
|